[Event "Prague Festival Challengers 2019"]
[Site "Prague"]
[Date "2019.03.09"]
[Round "4.5"]
[White "Paravyan, David"]
[Black "Praggnanandhaa R"]
[Result "1/2-1/2"]
[WhiteElo "2627"]
[BlackElo "2532"]
[Annotator "TA"]
[PlyCount "89"]
[EventDate "2019.03.06"]
[EventType "tourn"]
[EventCountry "CZE"]
[SourceTitle "playchess.com"]
[Source "ChessBase"]
[SourceQuality "1"]

{[%evp 9,89,22,21,19,23,18,9,21,18,16,21,-2,10,-10,27,2,41,33,46,0,16,0,91,-38,-43,-51,-58,-39,0,-20,0,-4,0,-9,89,0,143,-66,16,-39,-48,-39,-56,-56,-54,-106,0,0,0,0,0,-32,0,0,0,0,0,0,0,0,0,0,0,0,0,-186,-194,-201,-111,-100,-72,-100,-44,-49,-31,-46,0,0,0,-29,0,0]} 1. c4 e5 2. Nc3 Bb4 3. Nd5 Bc5 4. b4 Bf8 5. Bb2 c6 6. Ne3 {A21: English Opening: 1...e5 2 Nc3} d6 7. g3 Nf6 8. Bg2 Ng4 $146 ({Predecessor:} 8... Be7 9. Nf3 O-O 10. O-O Ng4 11. Qb3 a5 12. Nxg4 Bxg4 13. bxa5 {1-0 (35) Azmaiparashvili,Z (2610)-Kurajica,B (2585) San Sebastian 1992}) 9. Nxg4 Bxg4 10. d4 Nd7 11. h3 Bh5 12. Nf3 a5 13. b5 {[%cal Rd4e5]} cxb5 14. dxe5 dxe5 15. O-O bxc4 (15... f6 $1 $11) 16. Qd5 (16. g4 $16 e4 17. gxh5 exf3 18. exf3) 16... f6 $1 $15 {aiming for ...Bf7.} 17. Qxc4 Bf7 $36 {[%mdl 2048] Black has the initiative.} 18. Qe4 Nc5 19. Qe3 $1 Be7 20. Rfd1 Qc8 21. Rac1 Ra6 (21... O-O $11) 22. g4 (22. Ba3 $16 b6 23. Nxe5 fxe5 24. Qxe5) 22... b6 {[#]} (22... Bxa2 $11 23. Bxe5 fxe5 24. Qxe5 Be6 25. Qxg7 Rf8) 23. g5 $2 (23. Nxe5 $1 $16 {[%mdl 512]} fxe5 24. Qxe5) 23... Qe6 (23... Ra7 $15) 24. Kh1 (24. Nh4 $11) 24... Ra7 (24... Qxa2 $2 {[#]} 25. Nxe5 $1 {[%mdl 512]} Rg8 26. gxf6 $18) 25. gxf6 gxf6 26. Nh4 Rd7 27. f4 (27. Qf3 $15 Rxd1+ 28. Rxd1) 27... Rxd1+ (27... Qxa2 28. Rxd7 Nxd7 29. fxe5 $14) (27... e4 $17 28. Bd4 Rg8 29. Bxc5 Bxc5 30. Qxe4 Qxe4 31. Bxe4 Rxd1+ 32. Rxd1 Bxa2) 28. Rxd1 $11 {Threatens to win with f5.} e4 {And now ...Rg8 would win.} ({Don't go for} 28... Qxa2 $2 29. Bc6+ Kf8 30. fxe5 $18) 29. f5 $1 {[%cal Rf5e6]} Qxa2 30. Qf4 {Qb8+ would kill now.} Bb3 ({Don't play} 30... O-O $6 31. Rg1 $14) 31. Qb8+ {[%mdl 64] Double Attack} Kf7 32. Qxh8 Bxd1 33. Qxh7+ Ke8 34. Ng6 {[%csl Gg6][%cal Rh7e7]} Qf7 35. Qh8+ Kd7 36. Qb8 {Strongly threatening Ba3.} Bd8 37. Qa7+ $2 (37. Ba3 $11 Qd5 38. Nf8+ Ke7 39. Ne6) 37... Ke8 $19 38. Qa8 Qb7 (38... Bc2 $19 39. h4 Qb7 40. Qxb7 Nxb7) 39. Qxb7 $17 Nxb7 40. Bxe4 Nd6 ({Better is} 40... Nc5 $17 41. Bc6+ Kf7) 41. Bc6+ $15 Kf7 42. Bd5+ Ke8 43. Bc6+ Kf7 44. Bd5+ $1 Ke8 45. Bc6+ {Accuracy: White = 48%, Black = 33%.} 1/2-1/2

[Event "Prague Festival Challengers 2019"]
[Site "Prague"]
[Date "2019.03.10"]
[Round "5.1"]
[White "Praggnanandhaa, R."]
[Black "Ju, Wenjun"]
[Result "1-0"]
[WhiteElo "2532"]
[BlackElo "2580"]
[Annotator "TA"]
[PlyCount "113"]
[EventDate "2019.03.06"]
[EventType "tourn"]
[EventCountry "CZE"]
[SourceTitle "playchess.com"]
[Source "ChessBase"]
[SourceQuality "1"]

{[%evp 13,113,12,6,5,20,17,27,6,15,6,6,13,20,8,10,15,39,32,37,28,35,37,35,41,61,58,60,60,62,68,64,63,69,56,54,54,49,50,70,72,83,60,60,60,54,57,78,73,91,89,91,90,102,102,110,102,100,99,93,100,92,97,204,196,206,224,199,146,195,162,196,196,196,196,196,196,196,196,275,274,273,291,297,290,313,313,375,362,377,344,313,310,302,301,29980,29980,29980,29981,29988,29984,29980,29981]} 1. e4 e5 2. Nf3 Nf6 3. Nxe5 d6 4. Nf3 Nxe4 5. Nc3 Nxc3 6. dxc3 Be7 7. Be3 O-O 8. Qd2 {C42: Petroff Defence: 3 Nxe5 and unusual White 3rd moves} Nd7 9. O-O-O c6 10. Kb1 {White has an edge.} Re8 (10... d5 11. Bd3 Nc5 12. h4 Nxd3 13. Qxd3 Qd6 14. c4 Rd8 15. cxd5 Qxd5 16. Qxd5 cxd5 17. Nd4 Bd7 18. Nb3 Bf5 19. Nd4 Bd7 20. Nb3 Bf5 21. Nd4 {½-½ (21) Aronian,L (2765)-Caruana,F (2832) London 2018}) 11. Bd3 d5 12. h4 Bc5 13. Bf4 Nf6 14. Rde1 Ne4 $146 ({Predecessor:} 14... Rxe1+ 15. Rxe1 Bd7 {½-½ (36) Cvak,R (2292)-Istomin,A (2157) ICCF email 2017}) 15. Bxe4 $1 dxe4 16. Rxe4 Be6 {[#] ...Bxa2+! is the strong threat.} 17. Qxd8 Raxd8 18. Be3 Bf8 {aiming for ...Bxa2+!} 19. b3 c5 20. Bf4 f6 21. Rhe1 Kf7 22. c4 Bd7 23. Rxe8 (23. Nd2 {is interesting.} Be7 24. R4e2 Bc6 25. f3 Rd4 26. Ne4) 23... Bxe8 24. Kc1 Bc6 25. Re3 h5 26. Ne1 Kg6 27. Bc7 Rc8 28. Bg3 Kf5 29. f3 g6 30. Kd1 b6 31. Nd3 Rd8 32. Ke2 g5 33. Kf2 Be8 34. hxg5 fxg5 35. Re5+ Kf6 36. Rd5 Be7 37. f4 Ke6 (37... Rxd5 $16 {is a better defense.} 38. cxd5 Kf5) 38. Re5+ $18 ({Don't take} 38. fxg5 $6 Rxd5 39. Nf4+ (39. cxd5+ Kxd5 40. g6 Ke6 $14) 39... Kd7 $16) 38... Kd7 39. fxg5 Bg6 40. Rd5+ (40. Kg1 $18) 40... Kc8 41. Rxd8+ Bxd8 {[%mdl 4096] Endgame KBB-KBN} 42. Bf4 h4 43. Kf3 Bf5 44. g3 hxg3 45. Kxg3 Kd7 (45... Bg6 $142 46. Kg4 a6) 46. Kh4 Ke8 47. Kh5 Kf8 48. Kh6 Kg8 49. Bd6 Kf7 50. Nf4 Bxc2 51. g6+ Kg8 52. Nd5 Be4 53. Bf4 Bxd5 $2 {[#]} (53... b5 $18 54. Nc3 Bd3 55. Nxb5 Bf6 56. Nxa7 Bb1) 54. cxd5 {White mates.} Bf6 55. d6 Kf8 56. d7 Ke7 57. Bg5 {Accuracy: White = 82%, Black = 47%.} 1-0

[Event "Prague Festival Challengers 2019"]
[Site "Prague"]
[Date "2019.03.10"]
[Round "5.2"]
[White "Michalik, Peter"]
[Black "Stocek, Jiri"]
[Result "1/2-1/2"]
[WhiteElo "2565"]
[BlackElo "2592"]
[Annotator "TA"]
[PlyCount "102"]
[EventDate "2019.03.06"]
[EventType "tourn"]
[EventCountry "CZE"]
[SourceTitle "playchess.com"]
[Source "ChessBase"]
[SourceQuality "1"]

{[%evp 17,101,31,26,14,21,0,0,0,0,0,0,-25,-24,-19,-25,0,25,25,22,35,24,3,7,6,17,8,36,0,19,-91,-104,-120,-53,-70,-69,-118,-119,-82,0,0,0,0,0,-17,-25,-11,-17,-17,-10,-95,-87,-304,-291,-263,-51,-54,-55,-54,-54,-54,-65,-58,-18,-10,-16,-50,-25,-56,-46,-62,-11,-22,-10,-48,0,0,0,0,0,0,0,0,0,0,0,0]} 1. d4 Nf6 2. Nf3 e6 3. c4 b6 4. g3 Bb7 5. Bg2 Bb4+ 6. Bd2 a5 7. O-O O-O 8. Bf4 Be7 9. Nc3 Ne4 10. Nb5 {E16: Queen's Indian: 4 g3 Bb7 5 Bg2 Bb4+} (10. Qd3 Nxc3 11. bxc3 Qc8 12. e4 d6 13. Rfe1 a4 14. Rad1 Ra5 15. h4 Nd7 16. Nd2 Rd8 17. Nf1 h6 {0-1 (72) Sargissian,G (2689)-Predke,A (2622) St Petersburg 2018}) 10... c6 11. Nc3 Nxc3 12. bxc3 d5 13. Nd2 Nd7 {[#]} 14. Re1 $146 ({Predecessor:} 14. Rb1 a4 15. cxd5 cxd5 16. c4 g5 17. Be3 f5 18. cxd5 {1-0 (38) Bocharov,D (2576)-Samojlov,A (2329) Sochi 2017}) 14... g5 15. Be3 f5 16. f3 Qe8 17. Bf2 Qf7 18. e4 Rae8 19. e5 Rc8 20. Rb1 Rc7 21. f4 Qe8 22. Nf1 dxc4 23. Ne3 {[#]} (23. Qa4 $11) 23... b5 $1 $17 24. a4 Nb6 (24... gxf4 $17 25. gxf4 Nb6) 25. axb5 $15 cxb5 {Threatens to win with ...gxf4.} 26. d5 gxf4 {[#]} 27. Nxf5 $1 {[%mdl 512] Black must now prevent Qg4+.} Rxf5 (27... Nxd5 $17 28. Bxd5 Bxd5 29. Qg4+ {[%mdl 64] Double Attack} Qg6 30. Qxg6+ hxg6 31. Nxe7+ Rxe7) (27... exf5 28. Bxb6) 28. Bxb6 $11 Bc5+ 29. Bxc5 Rxc5 30. Qd4 Rxd5 31. Bxd5 Bxd5 32. Rf1 $1 {[%cal Rf1f4]} f3 33. Qg4+ (33. Qc5 $11 {keeps the balance.}) 33... Kh8 $17 34. Rbd1 $2 (34. Qd4 $17) 34... Qf7 $19 {Strongly threatening ...f2+.} ({Don't blunder} 34... Rxe5 $2 35. Qd4 $18) 35. Rf2 Rxe5 $2 (35... b4 $19 {aiming for ...b3.} 36. Qh4 Qf8) 36. Qd4 $1 $15 {[%cal Rd4e5]} Qf6 $1 37. Qb6 {[#]} b4 $1 38. cxb4 axb4 39. Qxb4 Re2 40. Qb6 Kg7 41. Rdf1 {And now Rxe2 would win.} Re5 42. Qc7+ Kg6 43. Qc8 h5 (43... Re3 $15) 44. h4 $11 Kh6 45. Kh2 Re4 46. Rxf3 {The position is equal.} Re2+ 47. Kh3 $1 Bxf3 {[#]} 48. Rxf3 $1 {[%mdl 512]} Qxf3 {[%cal Rf3h1]} 49. Qh8+ Kg6 {[%cal Rf3h1]} 50. Qh7+ Kf6 51. Qf7+ Kxf7 {Accuracy: White = 47%, Black = 52%.} 1/2-1/2

[Event "Prague Festival Challengers 2019"]
[Site "Prague"]
[Date "2019.03.10"]
[Round "5.3"]
[White "Krejci, Jan"]
[Black "Nguyen, Thai Dai Van"]
[Result "1-0"]
[WhiteElo "2570"]
[BlackElo "2546"]
[Annotator "TA"]
[PlyCount "71"]
[EventDate "2019.03.06"]
[EventType "tourn"]
[EventCountry "CZE"]
[SourceTitle "playchess.com"]
[Source "ChessBase"]
[SourceQuality "1"]

{[%evp 26,71,0,0,3,-24,-17,-2,-19,-21,0,0,20,20,33,27,56,42,52,38,39,43,69,51,121,110,97,40,50,37,197,166,311,310,311,102,593,593,596,577,699,692,691,691,691,691,599,591]} 1. c4 Nf6 2. Nc3 e5 3. g3 d5 4. cxd5 Nxd5 5. Bg2 Nb6 6. d3 Be7 7. Be3 O-O 8. Rc1 Re8 9. Nf3 Nc6 10. O-O Bf8 11. Ne4 Nd4 {A29: English Opening: Four Knights Variation with 4 g3} 12. Nxd4 (12. Qd2 a5 13. Nc5 Nxf3+ 14. Bxf3 Nd5 15. a3 b6 16. Na4 Bb7 17. Rfe1 Rb8 18. Bg2 Qd7 19. Nc3 Nxe3 20. Qxe3 {½-½ (32) Anand,V (2803)-Adams,M (2744) London 2015 CBM 170 [CB]}) 12... exd4 13. Bg5 f6 14. Bd2 {LiveBook: 3 Games} Be6 {[#]} 15. a4 $146 ({Predecessor:} 15. Qc2 c6 16. b4 Bd5 17. Rfe1 f5 18. Nc5 Bxg2 19. Kxg2 {½-½ (29) Wunderlich,H (2622)-Zhak,B (2605) ICCF email 2015}) 15... Nd5 16. Nc5 Bxc5 $1 17. Rxc5 c6 18. b4 Rc8 19. Qa1 $36 {[%mdl 2048] White is pushing.} b6 20. Rc2 c5 21. bxc5 bxc5 22. Rfc1 Qd6 23. a5 {[%cal Ba4a5,Ba5a6][%mdl 32]} Nb4 24. Rb2 Bg4 ({Better is} 24... g5 $14) 25. h3 $16 Bf5 26. Bf4 ({White should try} 26. Bb7 $16 Rcd8 27. a6) 26... Qd7 $14 27. g4 Bg6 $2 {[#]} (27... Be6 $14) 28. a6 $1 $18 Re6 (28... Bxd3 $142 29. Bb7 (29. exd3 Nxd3 30. Rb7 Qe6 $14) 29... Bxe2) 29. Bb7 Rce8 30. Qa5 $2 (30. Rxc5 $18 Nxd3 {[#]} 31. Bc8 $1 {[%mdl 512]} Nxc5 32. Bxd7 Nxd7 33. Rb7) 30... Rxe2 $2 {[%mdl 8192]} (30... Rb6 $16) 31. Rxe2 {White is clearly winning.} Rxe2 32. Qxc5 Nxd3 33. Bd5+ Bf7 34. Qc8+ Qe8 35. Bxf7+ Kxf7 36. Qc4+ {Precision: White = 58%, Black = 28%.} 1-0

[Event "Prague Festival Challengers 2019"]
[Site "Prague"]
[Date "2019.03.10"]
[Round "5.4"]
[White "Anton Guijarro, David"]
[Black "Bartel, Mateusz"]
[Result "1-0"]
[WhiteElo "2643"]
[BlackElo "2600"]
[Annotator "TA"]
[PlyCount "119"]
[EventDate "2019.03.06"]
[EventType "tourn"]
[EventCountry "CZE"]
[SourceTitle "playchess.com"]
[Source "ChessBase"]
[SourceQuality "1"]

{[%evp 9,119,19,17,14,19,20,29,29,29,28,59,50,89,85,95,90,78,86,93,82,105,76,137,115,136,127,147,152,143,147,186,189,195,192,195,189,197,207,302,231,220,218,247,247,246,247,254,249,295,272,303,288,361,258,264,208,346,324,312,300,355,337,314,166,199,199,199,208,332,332,397,382,372,364,493,490,479,438,509,519,515,503,504,472,422,401,627,601,678,647,790,791,773,758,741,728,689,608,593,586,563,530,1338,1268,1297,1295,1171,1008,1877,1710,1396,1361]} 1. c4 e5 2. Nc3 Bb4 3. Nd5 a5 4. a3 Be7 5. d4 d6 6. Nf3 {A21: English Opening: 1...e5 2 Nc3} (6. e4 Nf6 7. Nxe7 Qxe7 8. f3 Nfd7 9. Ne2 O-O 10. d5 Nc5 11. Be3 f5 12. Nc3 fxe4 13. Bxc5 dxc5 14. Nxe4 {½-½ (35) Matlakov,M (2700)-Yu,Y (2764) Caleta 2019}) 6... e4 7. Nd2 c6 8. Nxe7 {White has an edge.} Qxe7 9. Nb1 h6 $146 ({Predecessor:} 9... f5 10. Nc3 Nf6 11. Bg5 Be6 12. e3 O-O 13. Be2 {1-0 (13) Liu,Z (2300)-Dinev,D (2240) Novi Sad 2019}) 10. Bf4 Nf6 11. e3 O-O 12. Nc3 Rd8 13. Be2 Nbd7 14. b4 Nf8 15. c5 d5 (15... Ne8 $142) 16. b5 Ng6 17. Bg3 Bf5 18. bxc6 bxc6 19. Rb1 h5 20. Bxh5 Nxh5 21. Qxh5 Bc8 22. Rb6 Ra6 {White should prevent ...Rxb6.} 23. Rb8 Bb7 (23... Ra7 $142 24. O-O Ba6) 24. Rxd8+ Qxd8 25. O-O Ra8 26. Rb1 Ba6 27. Rb6 Qd7 28. h3 Nf8 29. Qg4 Ne6 30. Be5 Bc8 31. Qg3 Kh7 32. Bd6 Bb7 (32... Qe8 {was worth a try.} 33. Ne2 f6 34. Qh4+ Kg8) 33. Qh4+ Kg8 34. Qe7 Bc8 35. Qxd7 Bxd7 36. a4 (36. Rb7 $142 Bc8 37. Rb6) 36... Nd8 37. Rb8 Rxb8 38. Bxb8 $18 {[%mdl 4096] Endgame KBN-KBN} Bc8 (38... Ne6 $142 39. Ba7 Bc8) 39. Bc7 Nb7 40. Na2 Kf8 41. Nc1 Ke7 42. Nb3 Kd7 43. Bb6 Nd8 44. Bxd8 Kxd8 45. Nxa5 {KB-KN} Kc7 {If Black can now play ...Ba6 this consolidates a bit.} 46. Nb3 Ba6 47. Nd2 Bd3 (47... Be2 $142 48. f3 exf3 49. Nxf3 (49. gxf3 Bd1 $16) 49... f6) 48. Nf1 {White is clearly winning.} Bc2 49. a5 Kb7 50. Ng3 g6 51. h4 Bd1 52. h5 gxh5 53. Nf5 Ka6 54. Nh6 f6 55. Ng8 Kxa5 56. Nxf6 Kb4 57. Nd7 Kc3 58. Ne5 Ba4 59. f4 exf3 60. gxf3 {Accuracy: White = 84%, Black = 24%.} 1-0

[Event "Prague Festival Challengers 2019"]
[Site "Prague"]
[Date "2019.03.10"]
[Round "5.5"]
[White "Shirov, Alexei"]
[Black "Paravyan, David"]
[Result "1-0"]
[WhiteElo "2667"]
[BlackElo "2627"]
[Annotator "TA"]
[PlyCount "128"]
[EventDate "2019.03.06"]
[EventType "tourn"]
[EventCountry "CZE"]
[SourceTitle "playchess.com"]
[Source "ChessBase"]
[SourceQuality "1"]

{[%evp 11,128,0,0,0,0,0,0,0,0,0,0,0,0,0,0,0,0,0,0,0,6,10,17,0,0,0,0,0,0,0,0,0,4,0,11,7,11,24,106,106,110,104,110,110,110,110,108,108,91,96,110,75,85,0,113,0,79,98,116,121,127,134,175,158,131,160,150,129,142,89,77,53,58,51,31,14,14,14,14,12,25,39,116,125,125,114,148,145,145,117,132,144,529,524,509,489,494,500,347,347,408,0,642,635,627,627,620,620,568,587,461,443,1895,1303,7225,6588,6516,5462,1306]} 1. e4 e5 2. Nf3 Nc6 3. Nc3 Nf6 4. Bb5 Nd4 5. Bc4 Bc5 6. d3 d6 7. Na4 {C48: Four Knights: 4 Bb5, replies other than 4...Bb4} b5 8. Nxd4 bxc4 ({Reject} 8... Bxd4 9. Bxb5+ Bd7 10. Bxd7+ Qxd7 11. c3 $14) 9. Nf5 {The position is equal.} Bxf5 $1 10. exf5 cxd3 11. Nxc5 dxc5 12. Qxd3 (12. cxd3 Qd7 13. Qf3 O-O 14. Bg5 Rab8 {½-½ (30) Kovalev,V (2664)-Ragger,M (2686) Batumi 2018}) 12... Qxd3 $146 ({Predecessor:} 12... O-O 13. Be3 Qc8 14. O-O-O e4 {1-0 (45) Baenziger,F (2379)-Kranz,A (2054) Austria 2018}) 13. cxd3 O-O-O 14. Ke2 Nd5 15. Rd1 Rhe8 16. g3 Rd6 17. Bd2 e4 18. dxe4 Rxe4+ 19. Kf3 Rd4 20. Be1 Nf6 21. Rxd4 cxd4 $11 {[%mdl 4096] Endgame KRB-KRN} 22. Rc1 Kb7 23. Bb4 Rb6 24. Bf8 Ne8 (24... g6 $11) 25. b3 $16 h5 26. h3 Ra6 27. Rc2 Ra5 28. g4 Rd5 29. Re2 hxg4+ 30. hxg4 Rd8 31. Be7 Rd7 32. Bf8 Rd8 33. Be7 Rd7 $1 {White must now prevent ...d3.} 34. Bc5 Nf6 35. Rd2 d3 36. g5 Ne8 37. Ke4 Kc6 38. b4 ({But not} 38. Bxa7 $6 Rd5 $14) 38... Nd6+ 39. Bxd6 $1 cxd6 40. Rxd3 {KR-KR} (40. Kxd3 $142 Re7 41. f4) 40... Re7+ 41. Kd4 {Threatens to win with Rc3+.} Re5 $1 42. Rf3 a5 43. a3 axb4 44. axb4 Rb5 45. Kc4 g6 46. Kb3 gxf5 (46... Re5 $14) 47. Rc3+ Kb6 48. Kc4 $1 {Strongly threatening Rd3.} Kc6 49. Ra3 d5+ 50. Kb3 $1 {And now Ra7 would win.} Kd6 51. Ra7 Ke5 $2 {[%mdl 8192]} (51... Ke6 $16) 52. Rxf7 $18 Rb6 53. Rf6 $1 {[%cal Rf6b6]} Rb7 54. Rc6 $1 d4 {[#]} 55. g6 $1 d3 {[#]} 56. Rc1 $2 (56. Rc5+ $1 $18 Ke6 57. Rc1) 56... Kf6 $2 {[%mdl 8192]} (56... Ke4 $11 57. Kc3 Rg7) 57. Rg1 {White is clearly winning.} d2 58. Kc3 Kg7 59. Rb1 Kxg6 60. Kxd2 Kf6 61. b5 {[%cal Bb4b5,Bb5b6][%mdl 32]} Ke5 (61... Rb6 $142 62. Kc3 Ke5) 62. b6 Kd4 63. Ke2 Kc5 64. Kf3 Kd5 {Accuracy: White = 87%, Black = 53%.} 1-0

[Event "Prague Festival Challengers 2019"]
[Site "Prague"]
[Date "2019.03.11"]
[Round "6.1"]
[White "Nguyen, Thai Dai Van"]
[Black "Michalik, Peter"]
[Result "1/2-1/2"]
[WhiteElo "2546"]
[BlackElo "2565"]
[Annotator "TA"]
[PlyCount "66"]
[EventDate "2019.03.06"]
[EventType "tourn"]
[EventCountry "CZE"]
[SourceTitle "playchess.com"]
[Source "ChessBase"]
[SourceQuality "1"]

{[%evp 12,66,14,18,18,12,14,21,8,8,10,11,12,7,12,14,14,6,18,18,15,18,18,10,16,10,8,12,6,11,9,0,22,22,22,20,31,2,35,25,37,36,46,0,0,0,27,34,31,0,15,8,8,8,16,8,21]} 1. e4 e5 2. Nf3 Nc6 3. Bb5 Nf6 4. d3 Bc5 5. O-O d6 6. c3 O-O 7. Nbd2 a6 {C65: Ruy Lopez: Berlin Defence (3...Nf6), unusual lines and 4 0-0 Bc5} 8. Bxc6 bxc6 9. d4 exd4 10. cxd4 Bb6 11. Qc2 Re8 12. Re1 c5 13. d5 Bg4 14. b3 Ba5 {[#] Strongly threatening ...Bxf3.} 15. Re3 Bxf3 16. Nxf3 Qe7 {[%cal Rf6e4]} 17. Bd2 Bxd2 18. Nxd2 Ng4 {[#] ...Qe5 is the strong threat.} 19. Ree1 Qf6 20. Nc4 a5 {[#]} 21. Rad1 $146 ({Predecessor:} 21. Rac1 a4 22. bxa4 {½-½ (22) Turkov,V (2529)-Olofsson,D (2550) ICCF email 2016}) 21... Qh4 22. h3 Ne5 23. Re3 g6 24. Rf1 Qf4 25. Nb2 f5 26. exf5 Qxf5 27. Qxf5 (27. Qe2 {seems wilder.} Rf8 28. f4 Nd7 29. Na4 Nb6 30. Nxb6 cxb6 31. Qc4) 27... gxf5 28. Rfe1 {Hoping for f4.} f4 29. Re4 Rf8 $1 30. Nc4 Nd3 {The position is equal.} 31. Rd1 Nb4 32. Re7 Rf7 33. Re2 $1 f3 {Accuracy: White = 68%, Black = 73%.} 1/2-1/2

[Event "Prague Festival Challengers 2019"]
[Site "Prague"]
[Date "2019.03.11"]
[Round "6.2"]
[White "Ju, Wenjun"]
[Black "Bartel, Mateusz"]
[Result "1/2-1/2"]
[WhiteElo "2580"]
[BlackElo "2600"]
[Annotator "TA"]
[PlyCount "69"]
[EventDate "2019.03.06"]
[EventType "tourn"]
[EventCountry "CZE"]
[SourceTitle "playchess.com"]
[Source "ChessBase"]
[SourceQuality "1"]

{[%evp 20,69,16,18,12,12,21,10,36,41,41,31,35,21,16,8,9,0,9,9,48,18,47,49,47,46,49,17,11,17,91,51,51,51,48,50,46,0,0,0,0,0,0,0,0,0,0,0,0,0,0,0]} 1. e4 e5 2. Nf3 Nc6 3. Bb5 a6 4. Ba4 Nf6 5. O-O b5 6. Bb3 Bb7 7. d3 Be7 8. a4 O-O 9. Nc3 Na5 10. axb5 Nxb3 11. cxb3 axb5 {C84: Closed Ruy Lopez: Unusual White 6th moves} 12. Rxa8 Bxa8 13. Nxb5 c5 14. Nc3 d6 15. Bg5 {[#]} Nh5 $146 ({Predecessor:} 15... h6 16. Bxf6 Bxf6 {½-½ (70) Edouard,R (2565)-Fedorchuk,S (2635) Paris 2009}) 16. Bxe7 Qxe7 17. Nd2 Nf4 18. Nc4 d5 19. Nb6 $36 {[%mdl 2048] White fights for an advantage.} d4 20. Ne2 Ne6 21. Nc4 Qc7 22. Qd2 Rb8 23. f4 exf4 24. Nxf4 Bc6 (24... Nxf4 $11 {remains equal.} 25. Qxf4 (25. Rxf4 Bc6 $11) 25... Qxf4 26. Rxf4 g6) 25. Nxe6 fxe6 26. Qg5 Be8 $1 27. Ra1 h6 28. Qg3 (28. Qg4 {is interesting.} Qe7 29. Ra3 Bb5 30. Ne5 Qd6 31. Qf4) 28... Qxg3 {The position is equal.} 29. hxg3 $11 {[%mdl 4096] Endgame KRB-KRN} Kf8 30. Ra3 Bb5 31. Ne5 Ke7 $1 32. Ra7+ Kd6 33. Nf7+ Kc6 34. Ne5+ {[%mdl 64] [#] Discovered Attack} Kd6 35. Nf7+ {Accuracy: White = 74%, Black = 67%.} 1/2-1/2

[Event "Prague Festival Challengers 2019"]
[Site "Prague"]
[Date "2019.03.11"]
[Round "6.3"]
[White "Stocek, Jiri"]
[Black "Anton Guijarro, David"]
[Result "1/2-1/2"]
[WhiteElo "2592"]
[BlackElo "2643"]
[Annotator "TA"]
[PlyCount "122"]
[EventDate "2019.03.06"]
[EventType "tourn"]
[EventCountry "CZE"]
[SourceTitle "playchess.com"]
[Source "ChessBase"]
[SourceQuality "1"]

{[%evp 13,121,0,0,0,-12,0,0,-13,0,-29,-29,-36,-31,-28,-19,-12,-20,-13,-20,-41,-43,-59,-56,-47,-41,-54,-48,-47,-41,-60,-6,-4,-7,-7,0,-7,-10,0,-20,-13,0,-78,-78,-147,-39,-46,-47,-45,-44,-52,-51,-51,-41,-83,-80,-82,-46,-52,-50,-58,-25,-34,-30,-30,-29,-30,-30,-50,-53,-58,-50,-52,-29,-66,-27,-27,-27,-27,-27,-27,-27,-27,-27,-32,-25,-28,-19,-22,-20,-19,-17,-25,-12,-12,-12,-14,-22,-23,0,0,0,0,0,0,0,0,0,0,0,0]} 1. d4 Nf6 2. c4 e6 3. Nf3 d5 4. g3 Bb4+ 5. Nc3 dxc4 6. Bg2 O-O 7. O-O Nc6 8. Qa4 {E20: Nimzo-Indian: 4 g3 and 4 f3} Nd5 9. Qc2 Be7 10. Rd1 f5 (10... Ncb4 11. Qd2 c5 12. dxc5 Nxc3 13. bxc3 Nc6 14. Qc2 Qa5 15. Ng5 Bxg5 16. Bxg5 Qxc5 {½-½ (44) Cheparinov,I (2709)-Gelfand,B (2673) St Petersburg 2018}) 11. b3 $146 ({Predecessor:} 11. Qa4 Nb6 12. Qc2 Bf6 13. h4 Nb4 14. Qb1 Qe7 15. Bf4 N4d5 16. Be5 Nxc3 17. bxc3 Nd5 18. Qb2 a6 19. a4 Bd7 {0-1 (18) Kolehmainen,K-Elmeranta,M Finland 1994}) 11... Ncb4 12. Qb2 cxb3 13. Qxb3 Nxc3 14. Qxc3 Nd5 15. Qb3 b6 16. Bb2 Bb7 17. Rac1 Bd6 18. Nd2 a5 19. a4 f4 20. Nc4 Qf6 21. Rf1 Qg5 ({Black should try} 21... Bb4 $15) 22. Nxd6 $11 cxd6 23. Ba3 Rad8 24. e4 fxe3 25. fxe3 Rxf1+ 26. Rxf1 h5 27. Rf2 (27. Bh3 $11 Qg6 28. Qb1) 27... Rc8 $36 {[%mdl 2048] Hoping for ...Rc3. Black is on the roll.} 28. e4 {[#]} (28. Bb2 $142) 28... Qe3 (28... Rc3 $1 $17 {[%cal Rc3b3]} 29. Qb2 Qe3 30. exd5 Rxa3 31. dxe6 Bxg2 32. Kxg2 Qe4+ 33. Kg1 Re3) 29. Qxe3 $15 Nxe3 30. Bh3 Ng4 31. d5 exd5 32. exd5 Bxd5 {...Rc3 is the strong threat.} 33. Rd2 Rc3 34. Bxg4 {Black must now prevent Bb2.} hxg4 35. Bxd6 $17 {[%mdl 4096] Endgame KRB-KRB} Bf3 36. Be5 Ra3 37. Rd4 Ra1+ 38. Kf2 {Strongly threatening Rd8+.} Ra2+ 39. Ke3 Rxh2 40. Bc7 Rb2 41. Kf4 Kf7 42. Kf5 g6+ 43. Kg5 Bc6 44. Rxg4 b5 45. Rf4+ Ke7 46. Bxa5 bxa4 47. Bb4+ Ke6 48. Kxg6 Rb3 {aiming for ...a3.} 49. g4 $1 Ke5 50. Rf5+ Kd4 51. Bc5+ Kc4 {And now ...Be4 would win.} 52. Re5 a3 53. Bxa3 $1 Rxa3 $11 {KRB-KR} 54. g5 Kd4 55. Kf6 Be4 {[#]} 56. Rxe4+ $1 {[%mdl 576] Remove Defender. The position is equal.} Kxe4 {KR-KP} 57. g6 Ra6+ 58. Kf7 Kf5 {( -> ...Ra7+)} 59. g7 Ra7+ 60. Kg8 Kg6 {[%cal Ra7a8]} 61. Kh8 Rxg7 {Accuracy: White = 74%, Black = 69%.} 1/2-1/2